Money matters (Record no. 74951)

MARC details
000 -LEADER
fixed length control field 01034cam a2200241 4500
001 - CONTROL NUMBER
control field ABS68804
008 - FIXED-LENGTH DATA ELEMENTS--GENERAL INFORMATION
fixed length control field 050318n2005 000 0 eng u
035 ## - SYSTEM CONTROL NUMBER
System control number (Sirsi) u129110
100 ## - MAIN ENTRY--PERSONAL NAME
Personal name Barnard, L.
245 ## - TITLE STATEMENT
Title Money matters
260 ## - PUBLICATION, DISTRIBUTION, ETC.
Date of publication, distribution, etc. 2005
490 ## - SERIES STATEMENT
Series statement Estates Gazette
Volume/sequential designation (0509) 5 March 2005, 76-83(7)
520 ## - SUMMARY, ETC.
Summary, etc. Looks at the 2005 "Estates Gazette/PSD salary and benefits survey". Findings are based on a sample of approximately 2 000 online questionnaire responses. Includes bonuses and salaries, average salary and pay rise by region, salaries by main commercial activity, gender issues, benefits and employment data. Comments on how salaries, pay rises and bonuses are changing and looks a new trend in benefits and flexible benefits packages. Graphs.
590 ## - LOCAL NOTE (RLIN)
Local note ABS
650 ## - SUBJECT ADDED ENTRY--TOPICAL TERM
Topical term or geographic name entry element RATINGS
650 ## - SUBJECT ADDED ENTRY--TOPICAL TERM
Topical term or geographic name entry element SALARIES
650 ## - SUBJECT ADDED ENTRY--TOPICAL TERM
Topical term or geographic name entry element CAREERS, EDUCATION AND TRAINING
650 ## - SUBJECT ADDED ENTRY--TOPICAL TERM
Topical term or geographic name entry element EMPLOYMENT CONDITIONS
650 ## - SUBJECT ADDED ENTRY--TOPICAL TERM
Topical term or geographic name entry element BENEFITS
690 ## - LOCAL SUBJECT ADDED ENTRY--TOPICAL TERM (OCLC, RLIN)
Topical term or geographic name as entry element MANAGEMENT-BUSINESS MANAGEMENT
700 ## - ADDED ENTRY--PERSONAL NAME
Personal name Osborne, H.
942 ## - ADDED ENTRY ELEMENTS (KOHA)
Suppress in OPAC 0
Holdings
Withdrawn status Lost status Source of classification or shelving scheme Damaged status Not for loan Home library Current library Shelving location Date acquired Total Checkouts Full call number Barcode Date last seen Copy number Price effective from Koha item type
    Dewey Decimal Classification     London London Journal article 18/03/2005   ABS68804 129110-1001 06/08/2019 1 06/08/2019 Journal article